书目信息 |
| 题名: |
致胜奇谋
|
|
| 作者: | 鲍切尔, 著 ;王作虹 译 | |
| 分册: | ||
| 出版信息: | 成都 西南财经大学出版社 1999.10 |
|
| 页数: | 282页 | |
| 开本: | 21cm | |
| 丛书名: | 中外商务谈判比较丛书 | |
| 单 册: | ||
| 中图分类: | C912.3 | |
| 科图分类: | ||
| 主题词: | 谈判学--西方国家 | |
| 电子资源: | ||
| ISBN: | 7-81055-372-0 | |
| 000 | 01173nam 2200277 450 | |
| 001 | 192004001741 | |
| 005 | 20070905101131.51 | |
| 010 | @a7-81055-372-0@dCNY18.80 | |
| 100 | @a20070531d1999 ekmy0chiy0121 ea | |
| 101 | 1 | @achi@ceng |
| 102 | @aCN@b510000 | |
| 105 | @ak z 000yy | |
| 200 | 1 | @a致胜奇谋@Azhi sheng qi mou@e现代西方谈判艺术@d= Art of Negotiation@eModern techniques of Western Negotiation@f(加) 杰夫瑞·鲍切尔著@g王作虹译@zeng |
| 210 | @a成都@c西南财经大学出版社@d1999.10 | |
| 215 | @a282页@d21cm | |
| 225 | 2 | @a中外商务谈判比较丛书@Azhong wai shang wu tan pan bi jiao cong shu |
| 330 | @a本书主要讲述如何与西方人谈判做生意,全书的内容有:一、引伦 与西方人谈生意的文化背景,二、基本概念,三、谈判的技巧,四、讨价还价的策略等。本书适合谈判专业人员阅读。 | |
| 410 | 0 | @12001 @a中外商务谈判比较丛书 |
| 510 | 1 | @aArt of Negotiation@eModern techniques of Western Negotiation@zeng |
| 517 | 1 | @a现代西方谈判艺术@Axian dai xi fang tan pan yi shu |
| 606 | 0 | @a谈判学@y西方国家 |
| 690 | @aC912.3@v4 | |
| 701 | 1 | @a鲍切尔,@Abao qie er@bJ.@g(Boucher, J.)@e加@4著 |
| 702 | 0 | @a王作虹@Awang zuo hong@4译 |
| 801 | 0 | @aCN@c20070905 |
| 905 | @dC912.3@eB301 | |
| 致胜奇谋:现代西方谈判艺术= Art of Negotiation:Modern techniques of Western Negotiation/(加) 杰夫瑞·鲍切尔著/王作虹译.-成都:西南财经大学出版社,1999.10 |
| 282页;21cm.-(中外商务谈判比较丛书) |
| ISBN 7-81055-372-0:CNY18.80 |
| 本书主要讲述如何与西方人谈判做生意,全书的内容有:一、引伦 与西方人谈生意的文化背景,二、基本概念,三、谈判的技巧,四、讨价还价的策略等。本书适合谈判专业人员阅读。 |
| ● |
| 相关链接 |
|
|
|
正题名:致胜奇谋
索取号:C912.3/B301
 
预约/预借
| 序号 | 登录号 | 条形码 | 馆藏地/架位号 | 状态 | 备注 |
| 1 | 624094 | 206240940 | 社科库509/509社科库 58排8列3层/ [索取号:C912.3/B301] | 在馆 | |
| 2 | 624095 | 206240959 | 社科库509/509社科库 58排8列3层/ [索取号:C912.3/B301] | 在馆 | |
| 3 | 624096 | 206240968 | 社科库509/509社科库 58排8列3层/ [索取号:C912.3/B301] | 在馆 |